Statistics for Bands Named after Real People

Click here to take the quiz!

General Stats

  • This quiz has been taken 830 times
  • The average score is 5 of 13

Answer Stats

Hint Answer % Correct
He betrayed Jesus"Heading out the Highway"Judas Priest
71%
A compound of a Hollywood icon and a famous mass murderer"Tainted Love"Marilyn Manson
70%
An unlucky family of politicians"California ├╝ber alles"Dead Kennedys
61%
Princip shot this duke"Ulysses"Franz Ferdinand
60%
Compound of two jazz musicians ... Anderson and ... Council"Money"Pink Floyd
51%
Famous "pop-art" artist"Bohemian Like You"Dandy Warhols
44%
Inventor of christianity and his mother"Blues from a Gun"The Jesus and Mary Chain
37%
Inventor of the seed drill form the 18th century"Living in the past/driving song"Jethro Tull
24%
He gathered a couple of all animal species"5 years time"Noah & the Whale
18%
Rolling Stones guitarist and an ugly incident"Dropping Bombs on the White House"The Brian Jonestown Massacre
9%
Famous Depression-era robbe"Milk Lizard"The Dillinger Escape Plan
6%
Basketball player"Run"Gnarls Barkley
4%
The first russian president"Sink/Let It Sway"Someone Still Loves You Boris Yeltsin
3%

Score Distribution

Percentile by Number Answered

Percent of People with Each Score

Your Score History

You have not taken this quiz